Statistiques concernant Tous les joueurs qui ont gagné la coupe du monde de football

Cliquez ici pour prendre le quiz!

Statistiques générales

  • Ce quiz a été pris 293 fois
  • Le résultat moyen est 78 sur 466

Statistiques - réponses

AnnéePaysPosteNom% Correct
2018FranceAttaquantKylian Mbappé
91%
2018FranceMilieuPaul Pogba
89%
2018FranceGardienHugo Lloris
87%
2018FranceAttaquantOlivier Giroud
86%
2018FranceAttaquantAntoine Griezmann
85%
2018FranceMilieuNgolo Kanté
85%
2018FranceDéfenseurLucas Hernandez
83%
2018FranceDéfenseurRaphaël Varane
83%
1998FranceMilieuZinédine Zidane
83%
2018FranceDéfenseurBenjamin Pavard
82%
1994BrésilAttaquantMüller
82%
2014AllemagneAttaquantThomas Müller
82%
2018FranceGardienSteve Mandanda
81%
1970BrésilAttaquantPelé
80%
1958BrésilAttaquantPelé
80%
1962BrésilAttaquantPelé
80%
2002BrésilAttaquantRonaldo
80%
1994BrésilAttaquantRonaldo
80%
2018FranceGardienAlphonse Areola
79%
2014AllemagneGardienManuel Neuer
78%
2018FranceDéfenseurSamuel Umtiti
78%
2018FranceDéfenseurAdil Rami
76%
2018FranceAttaquantOusmane Dembélé
76%
2010EspagneMilieuAndrés Iniesta
75%
2018FranceMilieuBlaise Matuidi
75%
1998FranceAttaquantThierry Henry
74%
2010EspagneDéfenseurSergio Ramos
73%
2010EspagneMilieuXavi
73%
2006ItalieGardienGianluigi Buffon
72%
1958BrésilDéfenseurMauro Ramos
72%
1962BrésilMilieuMauro Ramos
72%
1986ArgentineAttaquantDiego Maradona
71%
2010EspagneGardienIker Casillas
71%
2002BrésilMilieuRonaldinho
71%
1998FranceGardienFabien Barthez
70%
2018FranceDéfenseurPresnel Kimpembe
69%
1998FranceMilieuDidier Deschamps
68%
2018FranceDéfenseurBenjamin Mendy
67%
2018FranceAttaquantFlorian Thauvin
67%
1998FranceMilieuEmmanuel Petit
66%
2010EspagneAttaquantFernando Torres
65%
2010EspagneDéfenseurGerard Piqué
65%
2018FranceAttaquantNabil Fékir
65%
1998FranceDéfenseurMarcel Desailly
64%
2014AllemagneAttaquantMiroslav Klose
64%
1998FranceDéfenseurBixente Lizarazu
63%
1998FranceDéfenseurLaurent Blanc
63%
1978ArgentineMilieuRicardo Villa
63%
2018FranceMilieuSteven Nzonzi
63%
2018FranceMilieuCorentin Tolisso
62%
1998FranceAttaquantDavid Trezeguet
62%
2006ItalieDéfenseurFabio Cannavaro
62%
1998FranceDéfenseurLilian Thuram
61%
2014AllemagneAttaquantMario Götze
61%
2014AllemagneDéfenseurMats Hummels
61%
2014AllemagneMilieuPhilipp Lahm
61%
2018FranceDéfenseurDjibril Sidibé
60%
2002BrésilDéfenseurRoberto Carlos
60%
2010EspagneMilieuSergio Busquets
60%
2018FranceAttaquantThomas Lemar
60%
2010EspagneDéfenseurCarles Puyol
59%
1994BrésilDéfenseurCafu
58%
2002BrésilDéfenseurCafu
58%
2014AllemagneDéfenseurJérôme Boateng
58%
1998FranceMilieuPatrick Vieira
58%
2002BrésilMilieuRivaldo
57%
2014AllemagneMilieuToni Kroos
55%
2006ItalieDéfenseurMarco Materazzi
54%
2006ItalieMilieuAndrea Pirlo
53%
1998FranceMilieuYouri Djorkaeff
53%
1998FranceAttaquantStéphane Guivarch
51%
2014AllemagneMilieuMesut Özil
50%
1998FranceGardienBernard Lama
49%
1998FranceAttaquantChristophe Dugarry
49%
2010EspagneMilieuDavid Silva
49%
2006ItalieMilieuFrancesco Totti
49%
1998FranceDéfenseurFranck Leboeuf
49%
2002BrésilMilieuGilberto Silva
49%
2002BrésilMilieuKaka
48%
2010EspagneGardienVictor Valdes
48%
1994BrésilMilieuMauro Silva
47%
2014AllemagneMilieuSami Khedira
47%
2002BrésilGardienDida
45%
1958BrésilAttaquantDida
45%
1974RFADéfenseurFranz Beckenbauer
45%
1998FranceMilieuRobert Pirès
45%
2010EspagneMilieuXabi Alonso
45%
1962BrésilAttaquantGarrincha
44%
1958BrésilAttaquantGarrincha
44%
2006ItalieAttaquantAlessandro Del Piero
43%
2006ItalieDéfenseurAllesandro Nesta
42%
2014AllemagneMilieuBastian Schweinsteiger
42%
1998FranceMilieuChristian Karembeu
41%
2010EspagneAttaquantPedro
39%
2010EspagneMilieuCesc Fabregas
36%
2006ItalieMilieuGennaro Gattuso
36%
1978ArgentineMilieuNorberto Alonso
35%
2014AllemagneAttaquantAndré Schürrle
34%
1966AngleterreMilieuBobby Charlton
33%
1966AngleterreDéfenseurJack Charlton
33%
2006ItalieAttaquantFilippo Inzaghi
32%
1998FranceGardienLionel Charbonnier
32%
1982ItalieAttaquantPaolo Rossi
32%
1990RFAMilieuLothar Matthäus
31%
1994BrésilAttaquantRomario
31%
2002BrésilDéfenseurLucio
29%
1998FranceDéfenseurVincent Candela
29%
2006ItalieDéfenseurFabio Grosso
28%
2006ItalieDéfenseurGianluca Zambrotta
27%
1970BrésilAttaquantRoberto
27%
2014AllemagneDéfenseurBenoît Höwedes
26%
2010EspagneGardienPepe Reina
26%
1998FranceMilieuAlain Boghossian
24%
2010EspagneDéfenseurAlvaro Arbeloa
24%
1970BrésilDéfenseurCarlos Alberto
24%
2010EspagneDéfenseurJoan Capdevila
24%
2006ItalieAttaquantLuca Toni
24%
1990RFAAttaquantRudi Völler
24%
2014AllemagneAttaquantLukas Podolski
23%
1994BrésilAttaquantBebeto
22%
1998FranceMilieuBernard Diomède
22%
1966AngleterreDéfenseurBobby Moore
22%
1982ItalieGardienDino Zoff
22%
1970BrésilMilieuPaulo César
22%
2006ItalieMilieuDaniele De Rossi
21%
1994BrésilGardienTaffarel
21%
1982ItalieDéfenseurFranco Baresi
20%
1962BrésilMilieuJair
20%
1954RFADéfenseurKarl Mai
20%
1994BrésilMilieuDunga
19%
2010EspagneMilieuJuan Mata
19%
2014AllemagneMilieuJulian Draxler
18%
2014AllemagneDéfenseurPer Mertesacker
18%
2010EspagneAttaquantJesus Navas
17%
1978ArgentineAttaquantMario Kempes
16%
2006ItalieMilieuMauro Camoranesi
16%
1970BrésilMilieuJairzinho
15%
1970BrésilGardienLeao
15%
2010EspagneDéfenseurRaul Albiol
15%
2010EspagneMilieuJavi Martinez
14%
2014AllemagneDéfenseurShkodran Mustafi
14%
1950UruguayDéfenseurWilliam Martinez
14%
1934ItalieAttaquantGiuseppe Meazza
13%
1938ItalieAttaquantGiuseppe Meazza
13%
1966AngleterreMilieuAlan Ball
12%
1994BrésilDéfenseurLeonardo
12%
1958BrésilMilieuDidi
11%
1962BrésilMilieuDidi
11%
2010EspagneAttaquantFernando Llorente
11%
1966AngleterreGardienGordon Banks
11%
2014AllemagneDéfenseurMatthias Ginter
11%
1994BrésilMilieuRai
11%
2014AllemagneGardienRoman Weidenfeller
11%
1962BrésilAttaquantVava
11%
1958BrésilAttaquantVava
11%
2006ItalieAttaquantAlberto Gilardino
10%
1986ArgentineDéfenseurDaniel Passarella
10%
1978ArgentineDéfenseurDaniel Passarella
10%
2002BrésilDéfenseurEdmilson
10%
1990RFAAttaquantJürgen Klinsmann
10%
2006ItalieDéfenseurAndrea Barzagli
9%
2014AllemagneMilieuChristoph Kramer
9%
1930UruguayMilieuLorenzo Fernandez
9%
1994BrésilMilieuZinho
8%
1994BrésilDéfenseurAldair
7%
1990RFADéfenseurAndreas Brehme
7%
1962BrésilDéfenseurDjalma Santos
7%
1958BrésilDéfenseurDjalma Santos
7%
1974RFAAttaquantGerd Müller
7%
1994BrésilDéfenseurMarcio Santos
7%
1962BrésilMilieuNilton Santos
7%
1958BrésilDéfenseurNilton Santos
7%
2002BrésilDéfenseurRoque Junior
7%
1986ArgentineMilieuJorge Burruchaga
6%
2002BrésilDéfenseurJunior
6%
2002BrésilGardienMarcos
6%
1970BrésilMilieuRivelino
6%
2010EspagneDéfenseurCarlos Marchena
5%
2014AllemagneDéfenseurKevin GroBkreutz
5%
1974RFADéfenseurPaul Breitner
5%
2002BrésilGardienRogério Ceni
5%
2006ItalieMilieuSimone Perrotta
5%
2006ItalieAttaquantVincenzo Iaquinta
5%
1990RFAGardienAndreas Köpke
4%
2002BrésilMilieuDenilson
4%
1970BrésilMilieuGérson
4%
1986ArgentineAttaquantJorge Valdano
4%
1986ArgentineDéfenseurJosé Luis Brown
4%
1950UruguayAttaquantJulio Perez
4%
2002BrésilMilieuKléberson
4%
1982ItalieMilieuMarco Tardelli
4%
1958BrésilAttaquantMario Zagallo
4%
1962BrésilAttaquantMario Zagallo
4%
2006ItalieDéfenseurMassimo Oddo
4%
1994BrésilAttaquantPaulo Sergio
4%
1958BrésilAttaquantPepe
4%
1962BrésilAttaquantPepe
4%
2014AllemagneGardienRon-Robert Zieler
4%
1974RFAGardienSepp Maier
4%
1962BrésilMilieuAltair
3%
1990RFAMilieuAndreas Möller
3%
1994BrésilDéfenseurBranco
3%
2014AllemagneDéfenseurErik Durm
3%
1990RFAAttaquantFrank Mill
3%
1982ItalieDéfenseurGaetano Scirea
3%
1966AngleterreAttaquantGeoff Hurst
3%
1982ItalieDéfenseurGiuseppe Bergomi
3%
1950UruguayDéfenseurJuan Carlos Gonzalez
3%
1990RFADéfenseurJürgen Kohler
3%
1978ArgentineAttaquantLeopoldo Luque
3%
1950UruguayDéfenseurMatias Gonzalez
3%
1970BrésilAttaquantTostao
3%
1982ItalieAttaquantAlessandro Altobelli
2%
2006ItalieGardienAngelo Peruzzi
2%
1982ItalieDéfenseurAntonio Cabrini
2%
2002BrésilDéfenseurBelletti
2%
1974RFADéfenseurBerti Vogts
2%
1982ItalieMilieuBruno Conti
2%
1950UruguayAttaquantCarlos Romero
2%
1982ItalieDéfenseurClaudio Gentile
2%
2006ItalieDéfenseurCristian Zaccardo
2%
1978ArgentineAttaquantDaniel Bertoni
2%
1970BrésilAttaquantEdu
2%
1950UruguayAttaquantErnesto Vidal
2%
1986ArgentineMilieuHéctor Enrique
2%
1954RFAAttaquantHelmut Rahn
2%
1990RFAAttaquantKarl-Heinz Riedle
2%
2006ItalieGardienMarco Amelia
2%
1994BrésilMilieuMazinho
2%
1986ArgentineGardienNery Pumpido
2%
1978ArgentineMilieuOsvaldo Ardiles
2%
1990RFAMilieuPierre Littbarski
2%
1974RFAMilieuRainer Bonhof
2%
1938ItalieAttaquantSergio Bertoni
2%
2006ItalieMilieuSimone Barone
2%
1978ArgentineGardienUbaldo Fillol
2%
1970BrésilDéfenseurZé Maria
2%
1978ArgentineDéfenseurAlberto Tarantini
1%
2002BrésilDéfenseurAnderson Polga
1%
1950UruguayGardienAnibal Paz
1%
1934ItalieMilieuAttilio Ferraris
1%
1990RFAGardienBodo Illgner
1%
1970BrésilMilieuClodoaldo
1%
1982ItalieAttaquantDaniele Massaro
1%
2002BrésilAttaquantEdilson
1%
1930UruguayDéfenseurEmilio Recoba
1%
1970BrésilGardienFélix
1%
1982ItalieAttaquantFranco Selvaggi
1%
1954RFAMilieuFritz Walter
1%
1982ItalieMilieuGiancarlo Antognoni
1%
1958BrésilGardienGilmar
1%
1962BrésilGardienGilmar
1%
1994BrésilGardienGilmar
1%
1938ItalieAttaquantGiovanni Ferrari
1%
1934ItalieAttaquantGiovanni Ferrari
1%
1982ItalieGardienGiovanni Galli
1%
1982ItalieMilieuGiuseppe Dossena
1%
1990RFADéfenseurGuido Buchwald
1%
1990RFAMilieuGünter Hermann
1%
1974RFADéfenseurHans-Georg Schwarzenbeck
1%
1990RFADéfenseurHans Pflügler
1%
1930UruguayAttaquantHector Castro
1%
1930UruguayAttaquantHector Scarone
1%
1958BrésilDéfenseurHilderaldo Luis Bellini
1%
1962BrésilMilieuHilderaldo Luis Bellini
1%
1982ItalieGardienIvano Bordon
1%
1966AngleterreAttaquantJimmy Greaves
1%
1994BrésilDéfenseurJorginho
1%
1930UruguayMilieuJosé Andrade
1%
1930UruguayDéfenseurJosé Nasazzi
1%
2002BrésilMilieuJuninho Paulista
1%
1974RFAAttaquantJupp Heynckes
1%
1974RFAMilieuJürgen Grabowski
1%
1990RFADéfenseurKlaus Augenthaler
1%
1934ItalieMilieuLuis Monti
1%
2002BrésilAttaquantLuizao
1%
1954RFAMilieuMaximilian Morlock
1%
1950UruguayMilieuObdulio Varela
1%
1990RFAMilieuOlaf Thon
1%
1978ArgentineAttaquantOscar Ortiz
1%
1986ArgentineDéfenseurOscar Ruggeri
1%
1954RFAAttaquantOttmar Walter
1%
1990RFADéfenseurPaul Steiner
1%
1938ItalieAttaquantPietro Ferraris
1%
1938ItalieDéfenseurPietro Rava
1%
1982ItalieDéfenseurPietro Vierchowod
1%
1990RFAGardienRaimond Aumann
1%
1978ArgentineAttaquantRené Houseman
1%
2002BrésilMilieuRicardinho
1%
1994BrésilDéfenseurRicardo Rocha
1%
1954RFAAttaquantRichard Hermann
1%
1966AngleterreAttaquantRoger Hunt
1%
1994BrésilDéfenseurRonaldao
1%
1950UruguayAttaquantRuben Moran
1%
1986ArgentineAttaquantSergio Almiron
1%
1986ArgentineMilieuSergio Batista
1%
1938ItalieAttaquantSilvio Piola
1%
1990RFADéfenseurStefan Reuter
1%
1990RFADéfenseurThomas Berthold
1%
1990RFAMilieuThomas HäBler
1%
1990RFAMilieuUwe Bein
1%
2002BrésilMilieuVampeta
1%
1950UruguayMilieuVictor Rodriguez Andrade
1%
1994BrésilAttaquantViola
1%
1974RFAMilieuWolfgang Overath
1%
1994BrésilGardienZetti
1%
1970BrésilGardienAdo
0%
1950UruguayAttaquantAlcides Ghiggia
0%
1938ItalieMilieuAldo Donati
0%
1938ItalieGardienAldo Olivieri
0%
1938ItalieDéfenseurAlfredo Foni
0%
1954RFAMilieuAlfred Pfaff
0%
1930UruguayMilieuAlvaro Gestido
0%
1962BrésilAttaquantAmarildo
0%
1938ItalieAttaquantAmedeo Biavati
0%
1978ArgentineMilieuAmérico Gallego
0%
1934ItalieAttaquantAnfilogino Guarisi
0%
1930UruguayMilieuAngel Melogno
0%
1934ItalieAttaquantAngelo Schiavo
0%
1954RFAGardienAnton Turek
0%
1934ItalieMilieuArmando Castellazzi
0%
1934ItalieAttaquantAttilio Demaria
0%
1970BrésilDéfenseurBaldocchi
0%
1974RFAAttaquantBernd Hölzenbein
0%
1974RFAMilieuBernhard Cullmann
0%
1954RFAAttaquantBernhard Klodt
0%
1970BrésilDéfenseurBrito
0%
1938ItalieAttaquantBruno Chizzo
0%
1938ItalieGardienCarlo Ceresoli
0%
1958BrésilGardienCarlos José Castilho
0%
1962BrésilGardienCarlos José Castilho
0%
1930UruguayMilieuCarlos Riolfo
0%
1986ArgentineMilieuCarlos Tapia
0%
1986ArgentineAttaquantClaudio Borghi
0%
1930UruguayMilieuConduelo Piriz
0%
1962BrésilAttaquantCoutinho
0%
1970BrésilAttaquantDada Maravilha
0%
1978ArgentineDéfenseurDaniel Killer
0%
1974RFAAttaquantDieter Herzog
0%
1958BrésilMilieuDino Sani
0%
1930UruguayDéfenseurDomingo Tejera
0%
1930UruguayGardienEnrique Ballesteros
0%
1934ItalieAttaquantEnrique Guaita
0%
1934ItalieDéfenseurEraldo Monzeglio
0%
1938ItalieDéfenseurEraldo Monzeglio
0%
1930UruguayDéfenseurErnesto Mascheroni
0%
1950UruguayDéfenseurEusebio Tejera
0%
1970BrésilDéfenseurEveraldo
0%
1934ItalieAttaquantFelice Borel
0%
1970BrésilDéfenseurFontana
0%
1982ItalieAttaquantFrancesco Graziani
0%
1982ItalieMilieuFranco Causio
0%
1954RFADéfenseurFritz Laband
0%
1982ItalieDéfenseurFulvio Colloviati
0%
1982ItalieMilieuGabriele Oriali
0%
1966AngleterreDéfenseurGeorge Cohen
0%
1966AngleterreAttaquantGeorge Eastham
0%
1966AngleterreDéfenseurGerry Byrne
0%
1934ItalieGardienGiampiero Combi
0%
1982ItalieMilieuGiampiero Marini
0%
1938ItalieAttaquantGino Colaussi
0%
1934ItalieGardienGiuseppe Cavanna
0%
1934ItalieGardienGuido Masetti
0%
1938ItalieGardienGuido Masetti
0%
1974RFAMilieuGünter Netzer
0%
1954RFADéfenseurHans Bauer
0%
1978ArgentineGardienHector Baley
0%
1950UruguayDéfenseurHector Vilches
0%
1986ArgentineGardienHector Zelada
0%
1954RFAGardienHeinrich Kwiatkowski
0%
1974RFAMilieuHeinz Flohe
0%
1954RFAGardienHeinz Kubsch
0%
1974RFADéfenseurHelmut Kremers
0%
1954RFAAttaquantHelmut Schäfer
0%
1954RFADéfenseurHerbert Erhardt
0%
1974RFAMilieuHerbert Wimmer
0%
1974RFADéfenseurHorst-Dieter Höttges
0%
1954RFAMilieuHorst Eckel
0%
1966AngleterreAttaquantIan Callaghan
0%
1962BrésilMilieuJair Marinho
0%
1966AngleterreDéfenseurJimmy Armfield
0%
1958BrésilMilieuJoel
0%
1970BrésilDéfenseurJoel
0%
1966AngleterreAttaquantJohn Connelly
0%
1978ArgentineDéfenseurJorge Olguin
0%
1958BrésilAttaquantJosé Altafini
0%
1954RFADéfenseurJosef Posipal
0%
1986ArgentineDéfenseurJosé Luis Cuciuffio
0%
1978ArgentineMilieuJosé Valencia
0%
1950UruguayMilieuJuan Alberto Schiaffino
0%
1950UruguayAttaquantJuan Burgueno
0%
1930UruguayAttaquantJuan Carlos Calvo
0%
1950UruguayAttaquantJulio Cesar Britos
0%
1986ArgentineMilieuJulio Olarticoechea
0%
1974RFADéfenseurJupp Kapellmann
0%
1962BrésilMilieuJurandir
0%
1954RFAAttaquantKarl-Heinz Metzner
0%
1934ItalieDéfenseurLuigi Allemandi
0%
1934ItalieMilieuLuigi Bertolini
0%
1978ArgentineDéfenseurLuis Galvan
0%
1986ArgentineGardienLuis Islas
0%
1950UruguayAttaquantLuis Rijo
0%
1986ArgentineMilieuMarcelo Trobbiani
0%
1970BrésilDéfenseurMarco Antonio
0%
1938ItalieMilieuMario Genta
0%
1938ItalieMilieuMario Perazzolo
0%
1934ItalieMilieuMario Pizziolo
0%
1934ItalieDéfenseurMario Varglien
0%
1966AngleterreMilieuMartin Peters
0%
1962BrésilMilieuMengalvio
0%
1938ItalieMilieuMichele Andreolo
0%
1930UruguayGardienMiguel Capuccini
0%
1978ArgentineMilieuMiguel Oviedo
0%
1958BrésilMilieuMoacir
0%
1986ArgentineDéfenseurNéstor Clausen
0%
1958BrésilDéfenseurNilton de Sordi
0%
1966AngleterreMilieuNobby Stiles
0%
1974RFAGardienNorbert Nigbur
0%
1966AngleterreMilieuNorman Hunter
0%
1978ArgentineMilieuOmar Larrosa
0%
1958BrésilDéfenseurOreco
0%
1958BrésilDéfenseurOrlando Pecanha
0%
1986ArgentineDéfenseurOscar Garré
0%
1950UruguayAttaquantOscar Miguez
0%
1930UruguayAttaquantPablo Dorado
0%
1954RFADéfenseurPaul Mebus
0%
1930UruguayAttaquantPedro Cea
0%
1986ArgentineAttaquantPedro Pasculli
0%
1930UruguayAttaquantPedro Petrone
0%
1930UruguayAttaquantPeregrino Anselmo
0%
1966AngleterreGardienPeter Bonetti
0%
1970BrésilMilieuPiazza
0%
1934ItalieMilieuPietro Arcari
0%
1938ItalieAttaquantPietro Pasinati
0%
1938ItalieMilieuPietro Serantoni
0%
1934ItalieAttaquantRaimundo Orsi
0%
1966AngleterreDéfenseurRay Wilson
0%
1938ItalieMilieuRenato Olmi
0%
1986ArgentineMilieuRicardo Bochini
0%
1986ArgentineMilieuRicardo Giusti
0%
1978ArgentineGardienRicardo La Volpe
0%
1950UruguayMilieuRodolfo Pini
0%
1966AngleterreMilieuRon Flowers
0%
1966AngleterreGardienRon Springett
0%
1950UruguayGardienRoque Maspoli
0%
1978ArgentineMilieuRuben Galvan
0%
1978ArgentineDéfenseurRuben Pagnanini
0%
1930UruguayAttaquantSantos Iriarte
0%
1930UruguayAttaquantSantos Urdinaran
0%
1950UruguayDéfenseurSchubert Gambetta
0%
1966AngleterreAttaquantTerry Paine
0%
1938ItalieMilieuUgo Locatelli
0%
1974RFAAttaquantUli HoeneB
0%
1954RFAAttaquantUlrich Biesinger
0%
1934ItalieMilieuUmberto Caligaris
0%
1934ItalieDéfenseurVirginio Rosetta
0%
1950UruguayMilieuWashington Ortuno
0%
1954RFADéfenseurWerner Kohlmeyer
0%
1954RFADéfenseurWerner Liebrich
0%
1974RFAGardienWolfgang Kleff
0%
1962BrésilMilieuZequinha
0%
1958BrésilMilieuZito
0%
1962BrésilMilieuZito
0%
1930UruguayAttaquantZoilo Saldombide
0%
1962BrésilMilieuZozimo
0%
1958BrésilDéfenseurZozimo
0%

Distribution des résultats

Percentile par nombre de réponses

% des personnes avec chaque résultat

Votre développement - résultats

Vous n’avez pas pris ce quiz